[Event "21st Dubai Open 2019"]
[Site "Dubai"]
[Date "2019.04.03"]
[Round "3.27"]
[White "Sultan, Ibrahim"]
[Black "Adly, Ahmed"]
[Result "0-1"]
[WhiteElo "2121"]
[BlackElo "2620"]
[Annotator "TA"]
[PlyCount "72"]
[EventDate "2019.04.01"]
[EventType "swiss"]
[EventCountry "UAE"]
[SourceTitle "playchess.com"]
[Source "ChessBase"]
[SourceQuality "1"]

{[%evp 12,72,42,12,31,25,56,39,76,40,32,33,28,39,52,18,27,21,12,4,8,8,8,0,0,11,10,-10,-4,-12,5,-5,0,-9,-12,-96,0,0,0,0,142,145,148,140,147,143,134,-248,-239,-244,-231,-477,-477,-471,-464,-494,-495,-777,-369,-1094,-1077,-29989,-29990]} 1. d4 Nf6 2. c4 e6 3. Nf3 Bb4+ 4. Nbd2 O-O 5. a3 Be7 6. e4 d6 {E11: Bogo-Indian} (6... d5 7. e5 Nfd7 8. Bd3 c5 9. h4 g6 10. O-O Nc6 11. Nb3 dxc4 12. Bxc4 cxd4 13. Re1 a5 14. Bh6 Re8 15. Rc1 Nb6 {1-0 (39) Ding,L (2804)-Saric,I (2689) Batumi 2018}) 7. Be2 {LiveBook: 200 Games} b6 8. O-O c5 {White has an edge.} 9. d5 exd5 $146 ({Predecessor:} 9... Nbd7 10. h3 Re8 11. Qc2 Bb7 12. Rd1 a6 13. Rb1 Bf8 14. Re1 {1-0 (43) Staniszewski,J (2478)-Nowakowski,M (2412) ICCF email 2011}) 10. exd5 b5 11. b3 bxc4 12. bxc4 Nbd7 13. Bb2 Rb8 14. Qc2 Nh5 15. Bc3 Nf4 16. Rfe1 Bf6 17. Bf1 Bxc3 18. Qxc3 Nf6 19. Ne4 Nxe4 20. Rxe4 Ng6 21. Rae1 Bd7 22. Bd3 Qf6 23. Qa5 (23. Qc1 $11 {keeps the balance.}) 23... Nf4 (23... Bf5 $17 24. R4e3 Bxd3 25. Rxd3 Rb2) 24. R4e3 $11 Rb2 $36 {[%mdl 2048] Black has the initiative.} 25. Nd2 g6 (25... Nxd3 $11 26. Rxd3 Bf5) 26. Ne4 $16 Qd4 27. Bf1 Bf5 {aiming for ...Bxe4.} 28. Nxd6 Bd3 29. Rf3 $2 {[%mdl 8192]} ({Not} 29. Qxa7 Qf6 $15) (29. Rd1 $16) 29... Bxf1 $19 30. Rxf1 Rb6 31. Nb5 $2 {[#]} (31. Qxa7 Rxd6 32. Qe7) 31... Ne2+ $1 {[%cal Bf4e2,Be2d4,Bd4f3][%mdl 32]} 32. Kh1 Qxc4 33. Nxa7 Nd4 {[%cal Rc4f1]} 34. Ra1 (34. Rd1 $142 Qe2 35. Qe1 Qxe1+ 36. Rxe1 Nxf3 37. gxf3) 34... Ra6 (34... Rfb8 $142 35. Re3 Nc2) 35. Qc7 $2 (35. Rc3 Rxa7 36. Rac1 Rxa5 37. Rxc4) 35... Nxf3 36. d6 {[#]} Rxa3 $1 {[%mdl 512] Precision: White = 33%, Black = 51%.} 0-1

[Event "21st Dubai Open 2019"]
[Site "Dubai"]
[Date "2019.04.03"]
[Round "3.28"]
[White "Ghaem Maghami, Ehsan"]
[Black "Wang, Shanshan"]
[Result "1-0"]
[WhiteElo "2531"]
[BlackElo "2116"]
[Annotator "TA"]
[PlyCount "63"]
[EventDate "2019.04.01"]
[EventType "swiss"]
[EventCountry "UAE"]
[SourceTitle "playchess.com"]
[Source "ChessBase"]
[SourceQuality "1"]

{[%evp 17,63,33,47,52,59,19,21,26,14,16,38,47,46,61,133,115,97,102,160,143,487,479,465,448,577,585,572,566,539,536,545,501,500,425,425,425,570,546,585,456,772,766,732,726,697,690,675,623]} 1. d4 Nf6 2. c4 g6 3. g3 Bg7 4. Bg2 d5 5. cxd5 Nxd5 6. Nf3 O-O 7. O-O c6 8. e4 Nb6 9. h3 N8d7 10. Nc3 {D74: Fianchetto Grünfeld: Main Line (5 Nf3 0-0 6 cxd5 Nxd5 7 0-0)} e5 11. d5 cxd5 12. exd5 {The position is equal.} Nc4 13. b3 $146 ({Predecessor:} 13. a4 Nc5 14. Nd2 Nxd2 15. Bxd2 e4 16. b4 Nd3 17. Nxe4 f5 18. Nc3 Nxb4 19. Rb1 a5 20. Nb5 Nxd5 21. Bxd5+ Qxd5 22. Nc7 Qc6 23. Rc1 {1-0 (23) Pogosian,M (2399)-Novikov,K (2081) Tula 2014}) 13... Nd6 14. Ba3 Nb6 15. Rc1 $36 {[%mdl 2048] White is pushing.} Bh6 (15... f6 $14) 16. Nxe5 $16 Bxc1 17. Qxc1 ({Much weaker is} 17. Bxc1 $6 Re8 $11) 17... Qf6 (17... Re8 $142) 18. Re1 {[%mdl 1024] White has strong compensation.} Bd7 $2 {[%mdl 8192]} (18... Re8 $16) 19. g4 $18 {White is clearly winning.} h6 20. h4 Rfc8 {[#]} 21. g5 $1 {[%cal Rg5f6]} hxg5 22. hxg5 Rxc3 23. Qxc3 Nb5 24. gxf6 {Qc1 would kill now.} Nxc3 25. Nxd7 Nxd7 26. Be7 Re8 27. d6 Nxf6 28. Re3 Nb5 (28... Nfd5 $142 29. Rxc3 Nxe7 30. Bxb7 Kg7 31. dxe7 Rxe7) 29. Bxf6 Rxe3 30. fxe3 {[#] White wants to mate with d7.} Nxd6 31. Be5 Nf5 32. Kf2 {Accuracy: White = 76%, Black = 33%.} 1-0

[Event "21st Dubai Open 2019"]
[Site "Dubai"]
[Date "2019.04.03"]
[Round "3.29"]
[White "Iniyan, P."]
[Black "Thrish, Karthik"]
[Result "1-0"]
[WhiteElo "2512"]
[BlackElo "2096"]
[Annotator "TA"]
[PlyCount "59"]
[EventDate "2019.04.01"]
[EventType "swiss"]
[EventCountry "UAE"]
[SourceTitle "playchess.com"]
[Source "ChessBase"]
[SourceQuality "1"]

{[%evp 17,59,51,83,76,140,140,157,154,136,139,141,131,134,134,135,136,297,204,207,199,202,194,200,198,195,181,181,181,188,184,229,212,237,192,212,201,317,306,396,400,408,416,508,474]} 1. d4 d5 2. c4 dxc4 3. e3 e5 4. Bxc4 exd4 5. exd4 Bd6 6. Nf3 Nf6 7. O-O O-O 8. Nc3 Bg4 9. h3 Bh5 {[#]} 10. g4 $1 {[%cal Rg4h5] D20: Queen's Gambit Accepted: 3 e3 and 3 e4} Nxg4 (10... Bg6 $142) (10... Bg6 11. Ne5 Ne4 12. f4 Nxc3 13. bxc3 Be4 14. Qe2 Bc6 15. f5 Qh4 16. Kh2 Nd7 17. Bf4 Nb6 18. Bb3 Nd5 19. Bg3 {½-½ (47) Potkin,V (2682)-Ponkratov,P (2582) Taganrog 2011}) 11. hxg4 $16 Bxg4 12. Qd3 $146 {Strongly threatening Ng5.White is clearly better.} ({Predecessor:} 12. Ne4 Nc6 13. Qd3 Qd7 14. Nxd6 cxd6 15. Nh2 Bf5 16. Qd1 Qe7 17. Be3 Be4 {0-1 (32) Mueller,J (2031)-Kraemer,E (2121) Germany 2013}) 12... Qf6 13. Ne5 Bxe5 14. Nd5 Qh4 {[%csl Ge5][%cal Rh4h2]} 15. dxe5 Nc6 {[#]} 16. Bf4 $1 ({Inferior is} 16. Nxc7 Nxe5 17. Qg3 Qxg3+ 18. fxg3 Rac8 $17) 16... Nd4 $2 (16... Rad8 $16) 17. Qg3 ({Avoid the trap} 17. Qxd4 $2 Bf3 $19) 17... Qxg3+ 18. fxg3 c6 19. Ne3 Be6 20. Bxe6 fxe6 21. Rad1 Rad8 22. Kg2 h6 23. g4 g5 24. Bh2 c5 25. Rxf8+ Rxf8 26. Nc4 b5 (26... b6 $142 27. Bg3 Kg7) 27. Nd6 $18 Nc2 28. Bg1 Rf4 29. Kg3 Nb4 30. Be3 {Accuracy: White = 90%, Black = 37%.} 1-0

[Event "21st Dubai Open 2019"]
[Site "Dubai"]
[Date "2019.04.03"]
[Round "3.30"]
[White "Shiva Pavan Teja Sharma U"]
[Black "Akash G"]
[Result "0-1"]
[WhiteElo "2093"]
[BlackElo "2414"]
[Annotator "TA"]
[PlyCount "128"]
[EventDate "2019.04.01"]
[EventType "swiss"]
[EventCountry "UAE"]
[SourceTitle "playchess.com"]
[Source "ChessBase"]
[SourceQuality "1"]

{[%evp 12,128,14,14,13,16,16,15,16,6,4,-8,0,-11,-3,-31,-18,-63,-43,-117,-128,-129,-105,-109,-112,-102,-55,-61,-56,-55,-28,-170,-52,-59,-58,-62,-8,-4,-12,-6,-8,-14,-20,-20,-5,-29,-22,-22,-24,-24,-30,-24,60,73,78,0,0,0,34,33,45,58,60,13,13,0,57,54,60,0,0,0,65,0,0,0,0,0,0,0,0,0,0,0,48,-12,-22,-29,8,8,5,5,-8,-132,-129,-129,-126,-127,-118,-139,-119,-226,-228,-393,-391,-382,-350,-992,-958,-960,-939,-12845,-12839,-12847,-12170,-6625,-5185,-5121,-5113]} 1. e4 c5 2. Nf3 d6 3. Bb5+ Nd7 4. O-O a6 5. Bxd7+ Bxd7 6. d4 cxd4 7. Qxd4 Rc8 {B51: Sicilian: Moscow Variation (3 Bb5+) without 3...Bd7} (7... e5 8. Qd3 h6 9. a4 Nf6 10. a5 Be7 11. c4 b5 12. axb6 Qxb6 13. Nc3 O-O 14. Be3 Qb7 15. h3 Rfc8 16. Nd2 Be6 17. Rfb1 a5 18. b3 Ra6 19. Ra2 Bd7 20. Rba1 {½-½ (20) Wang,H (2730)-Nepomniachtchi,I (2763) St Petersburg 2018}) 8. Nc3 e5 9. Qd3 h6 {The position is equal.} 10. Be3 Nf6 11. h3 Be7 12. Rfd1 O-O 13. Rac1 Be6 14. b3 $146 ({Predecessor:} 14. a3 Qc7 15. Nh2 Rfd8 16. Nf1 d5 17. exd5 Nxd5 18. Nxd5 Rxd5 {½-½ (68) Milligan,H (1968)-Gao,H (2293) Auckland 2015}) 14... b5 {[%cal Bb7b5,Bb5b4][%mdl 32]} 15. a4 (15. Nh2 $15) 15... Qc7 $17 16. Bd2 b4 $1 {[%cal Rb4c3]} 17. Ne2 Qb7 18. Ng3 Nd7 19. Nh2 Nc5 20. Qe2 $1 Bh4 {Hoping for ...Bxg3.} 21. Nf5 (21. Nhf1 $11) 21... Bxf5 (21... Qxe4 $19 22. Qxe4 Bxf2+ 23. Kxf2 Nxe4+ 24. Kg1 Bxf5 25. Bxb4 Rc6) 22. exf5 $15 Ne4 $1 23. Be3 Bg5 (23... Nc3 $15 24. Qg4 Nxd1 25. Rxd1 Bg5) 24. Bxg5 $11 hxg5 25. f6 Nxf6 26. Rxd6 Ne4 27. Rd3 $1 Nc3 28. Qd2 e4 29. Rd4 Qb6 {Threatens to win with ...Qxd4!} 30. Re1 Rcd8 31. Rxd8 Rxd8 (31... Qxd8 $11 32. Nf1 f5) 32. Qxg5 $14 Rd5 {[#]} 33. Qg4 (33. Qe7 $1 $16) 33... f5 $11 34. Qg5 Kh7 35. Nf1 {Strongly threatening Ne3.} Qg6 36. Qh4+ Qh6 $1 {[%cal Rh6h4]} 37. Qe7 Qd6 $1 {[%cal Rd6e7]} 38. Qe8 Re5 ({Black should play} 38... f4 $11) 39. Qf7 Qe7 40. Qc4 (40. Qxe7 $14 Rxe7 41. f3) 40... Qd6 41. Qf7 Qe6 (41... Qe7 $1 $11 42. Qh5+ Kg8) 42. Qb7 ({Better is} 42. Qh5+ $14 Qh6 43. Qxh6+ Kxh6 44. Ne3) 42... a5 43. Ne3 f4 $1 {[%cal Rf4e3]} 44. Ng4 $1 {[%cal Rg4e5]} Rg5 45. Qc7 Qf5 46. Qd6 f3 47. gxf3 exf3 (47... Qxf3 {with more complications.} 48. Re3 Qf5 49. Kf1 Nd5 50. Rg3 Qc8) 48. Qd3 ({White should try} 48. Re7 $1 $14) 48... Qxd3 49. cxd3 {[%mdl 4096] Endgame KRN-KRN} Rd5 50. Re3 Ne2+ 51. Kh2 Nd4 52. Ne5 (52. Re5 $11 Rxe5 53. Nxe5) 52... Nxb3 $17 53. Nc4 Nd4 54. Re4 {[#]} Ne2 $1 55. Re3 Rf5 56. Nd2 (56. h4 $17 {keeps fighting.}) 56... Nc3 $19 57. d4 $2 (57. Kg3) 57... Nxa4 58. Kg3 Nc3 59. Nxf3 $2 (59. Kg4 Rd5 60. Rd3) 59... a4 {Black is clearly winning.} 60. Nd2 Rd5 61. Rd3 {[#]} Rxd4 $1 {[%mdl 576] Decoy} 62. Rxd4 Ne2+ {[%mdl 64] Double Attack} 63. Kf3 Nxd4+ 64. Ke4 Nb3 {Accuracy: White = 38%, Black = 62%.} 0-1

[Event "21st Dubai Open 2019"]
[Site "Dubai"]
[Date "2019.04.03"]
[Round "3.31"]
[White "Sundararajan, Kidambi"]
[Black "Kejzar, Petra"]
[Result "1-0"]
[WhiteElo "2413"]
[BlackElo "2082"]
[Annotator "TA"]
[PlyCount "53"]
[EventDate "2019.04.01"]
[EventType "swiss"]
[EventCountry "UAE"]
[SourceTitle "playchess.com"]
[Source "ChessBase"]
[SourceQuality "1"]

{[%evp 10,53,6,0,34,40,47,50,52,25,37,25,115,106,110,112,126,81,247,224,340,344,343,290,293,268,333,331,323,332,321,309,289,207,200,201,327,246,294,283,273,242,242,233,542,533]} 1. d4 Nf6 2. c4 e6 3. Nf3 b6 4. Nc3 Bb7 5. a3 d5 6. Bg5 h6 {E12: Queen's Indian: Unusual White 4th moves, 4 a3, 4 Nc3 Bb7 5 a3 and 4 Nc3 Bb7} (6... Be7 7. Qa4+ c6 8. cxd5 Nxd5 9. Bxe7 Qxe7 10. Nxd5 exd5 11. e3 O-O 12. Rc1 c5 13. Be2 Nd7 14. O-O Rfd8 15. Rfd1 a5 {1-0 (34) Mamedyarov,S (2817)-Korobov,A (2698) St Petersburg 2018}) 7. Bxf6 Qxf6 8. cxd5 exd5 {White is slightly better.} 9. Qb3 $146 ({Predecessor:} 9. g3 a6 10. Bg2 Bd6 11. O-O O-O 12. b4 Nd7 13. Qb3 Qe6 14. a4 {½-½ (54) Anastasian,A (2578)-Sharbaf,M (2370) Abu Dhabi 2010}) 9... Qe6 {[#]} 10. e4 $1 {[%mdl 512]} Be7 (10... Nd7 $11) (10... dxe4 11. Bc4) 11. Ne5 $36 {[%cal Re4d5][%mdl 2048] White is in control.} O-O 12. exd5 Qc8 13. Bd3 c6 $2 (13... c5 $16 {was called for.}) 14. O-O Qd8 (14... Bd6 $142 15. Rac1 Qd8) 15. Be4 $18 Qd6 16. Rfe1 Bg5 17. Qb4 Rd8 18. dxc6 Nxc6 19. Qxd6 Rxd6 20. Nb5 {[%cal Bc3b5,Bb5c7,Bc7d5][%mdl 32]} Rf6 21. g3 {Hoping for h4.} a6 22. Nc7 Ra7 (22... Rc8 $142) 23. f4 Bxf4 24. gxf4 Nxd4 {intending ...Bxe4.} 25. Rad1 {[#] Strongly threatening Bxb7.} Bxe4 26. Rxd4 {aiming for Rd8+.} Rxf4 $2 (26... Rxc7 {is tougher.} 27. Rexe4 (27. Rdxe4 Rc2 $18) 27... Rc2) 27. Nd5 {Accuracy: White = 50%, Black = 35%.} ({Not} 27. Rexe4 Rxe4 28. Rxe4 Rxc7 $16) 1-0

[Event "21st Dubai Open 2019"]
[Site "Dubai"]
[Date "2019.04.03"]
[Round "3.32"]
[White "Dimarucut, Francis Erwin"]
[Black "Manush Shah"]
[Result "1/2-1/2"]
[WhiteElo "2077"]
[BlackElo "2405"]
[Annotator "TA"]
[PlyCount "107"]
[EventDate "2019.04.01"]
[EventType "swiss"]
[EventCountry "UAE"]
[SourceTitle "playchess.com"]
[Source "ChessBase"]
[SourceQuality "1"]

{[%evp 22,107,0,-3,-1,-8,0,-19,-18,-19,0,0,3,0,0,0,0,-6,0,-2,-4,-22,-18,-19,-19,-13,-12,-26,-3,-3,-3,-3,-3,-3,-3,-3,-3,-3,-3,-4,-4,-4,-4,-4,-4,-4,-4,-4,-4,-8,0,0,0,0,0,0,0,0,0,0,0,0,0,0,0,0,0,0,0,0,0,0,0,0,0,0,0,0,0,0,0,0,0,0,0,0,0,0]} 1. d4 d5 2. c4 c6 3. cxd5 cxd5 4. Nc3 Nf6 5. Bf4 Nc6 6. e3 a6 7. Nf3 Bg4 8. Be2 e6 9. Ne5 Bxe2 10. Qxe2 Nxe5 11. Bxe5 Be7 12. O-O O-O {D13: Slav Defence: Exchange variation without ...Bf5} 13. Rfc1 Rc8 14. Rc2 Nd7 15. Bg3 Nb6 16. Rac1 Qd7 17. Nd1 $146 ({Predecessor:} 17. Nb1 Nc4 18. b3 Nd6 19. Bxd6 Bxd6 20. Rxc8 Rxc8 21. Rxc8+ Qxc8 {0-1 (59) Peutler,M (1732)-Mann,J (1973) Bayern 2013}) 17... Rxc2 18. Rxc2 {Threatens to win with Rc7.} Rc8 19. h3 Rc6 20. Qd2 Nc4 21. Qe2 Qc8 22. b3 Na3 23. Rxc6 Qxc6 24. Nb2 Qc1+ 25. Kh2 $1 {The position is equal.} Qc2 (25... g6 {is interesting.} 26. Nd3 Qc6 27. Qd2 h5 28. Kg1 Nb5) 26. Qxc2 Nxc2 $11 {[%mdl 4096] Endgame KBN-KBN} 27. Nd3 Nb4 28. Nxb4 Bxb4 {KB-KB} 29. Kg1 Kf8 30. Kf1 Ke7 31. Ke2 Kd7 32. Kd3 Kc6 33. f3 Ba3 34. Be1 Kb5 35. g4 a5 36. h4 a4 37. Kc2 Be7 38. h5 g6 39. Kd3 gxh5 40. gxh5 f5 41. e4 axb3 42. axb3 Bg5 43. exf5 exf5 44. Kc3 Bf4 45. Bh4 Bc7 46. Be7 Ba5+ 47. Kd3 Bb4 48. Bf6 Bd6 49. Kc3 Bg3 50. Be7 Be1+ 51. Kd3 Bb4 52. Bf6 Bd6 53. Kc3 Bg3 54. Be7 {Accuracy: White = 76%, Black = 79%.} 1/2-1/2

[Event "21st Dubai Open 2019"]
[Site "Dubai"]
[Date "2019.04.03"]
[Round "3.33"]
[White "Raja Rithvik R"]
[Black "Mrudul Dehankar"]
[Result "1-0"]
[WhiteElo "2391"]
[BlackElo "2078"]
[Annotator "TA"]
[PlyCount "109"]
[EventDate "2019.04.01"]
[EventType "swiss"]
[EventCountry "UAE"]
[SourceTitle "playchess.com"]
[Source "ChessBase"]
[SourceQuality "1"]

{[%evp 10,109,8,0,7,0,0,0,9,6,20,0,28,22,45,33,62,5,15,0,-8,-16,0,-20,22,9,28,0,1,-29,-20,-29,-27,-75,0,0,11,11,12,0,49,51,37,41,53,17,30,20,29,22,23,17,70,72,125,100,126,126,274,268,322,320,434,419,481,457,566,550,541,524,493,440,414,393,486,486,486,426,486,486,544,544,29971,29972,29972,29973,29977,12347,29978,29979,29979,1750,29980,29981,29979,29980,29989,29987,29988,29988,29988,29989]} 1. c4 e5 2. Nc3 Nf6 3. Nf3 Nc6 4. e3 Bb4 5. Qc2 Bxc3 6. bxc3 d6 {A28: English Opening: Four Knights Variation} 7. e4 O-O 8. g3 Qe7 {The position is equal.} (8... Kh8 9. d3 Ng8 10. Nh4 Nge7 11. Bg2 f5 12. exf5 Nxf5 13. Nf3 Nfe7 14. O-O h6 {1-0 (71) So,W (2765)-Harikrishna,P (2729) Kolkata 2018}) 9. d3 Nh5 10. Be2 g6 $146 ({Predecessor:} 10... f5 11. exf5 Bxf5 12. Nh4 Qf7 13. Nxf5 Qxf5 14. Be3 Nf6 {1-0 (31) Gajewski,G (2630)-Arvola,B (2458) Fornebu 2017}) 11. Bh6 Ng7 12. h4 f6 13. Kf1 (13. Nd2 $14) 13... Nd8 $11 14. Kg2 Nf7 15. Be3 b6 16. Nd2 Bb7 17. h5 g5 18. h6 Nf5 $1 19. Bf3 Nxe3+ 20. fxe3 Bc8 21. Raf1 Nh8 (21... g4 $17 22. Be2 Kh8) 22. Qd1 $36 {[%mdl 2048] White is pushing.} Qe6 23. Rf2 Ng6 24. Nf1 g4 25. Be2 f5 26. exf5 Rxf5 27. Rxf5 Qxf5 28. e4 Qg5 29. Qd2 Qxd2 $1 30. Nxd2 Nh8 (30... Rb8 $11) 31. Nf1 $14 a6 (31... Kf7 $142) 32. Ne3 c6 33. Nxg4 {Nf6+ is the strong threat.} Bxg4 (33... Kf7 $16 34. d4 Bxg4 35. Bxg4 Ng6 36. Rf1+ Ke7) 34. Bxg4 $16 {[%mdl 4096] Endgame KRB-KRN} Ng6 35. Rf1 Nf8 36. Rf6 Rd8 37. a4 b5 38. cxb5 axb5 39. axb5 cxb5 40. Bf5 d5 41. Rb6 d4 42. cxd4 Rxd4 43. Rxb5 Rxd3 44. g4 Rd6 {[#]} 45. g5 $1 Ne6 46. Bxe6+ Rxe6 {KR-KR} 47. Kg3 Kf7 48. Kg4 (48. Rb7+ $142 Kf8 49. Rxh7 Kg8 50. Rd7 Ra6 51. Kg4 Ra3 52. g6 Rd3 53. Rxd3) 48... Ra6 49. Rb7+ Kg8 50. Rb8+ Kf7 51. Rh8 {White mates.} Ra1 52. Rxh7+ Kg8 53. Re7 Rg1+ 54. Kf5 Rf1+ 55. Kg6 {Accuracy: White = 63%, Black = 42%.} 1-0

[Event "21st Dubai Open 2019"]
[Site "Dubai"]
[Date "2019.04.03"]
[Round "3.34"]
[White "Sri Sai Baswanth P"]
[Black "Hedman, Erik"]
[Result "0-1"]
[WhiteElo "2018"]
[BlackElo "2385"]
[Annotator "TA"]
[PlyCount "60"]
[EventDate "2019.04.01"]
[EventType "swiss"]
[EventCountry "UAE"]
[SourceTitle "playchess.com"]
[Source "ChessBase"]
[SourceQuality "1"]

{[%evp 11,60,15,15,18,22,15,22,18,16,27,40,13,10,0,0,-40,0,-56,-54,-61,-66,-72,-44,-37,-45,-162,-91,-83,0,-87,-44,-112,-120,-218,-279,-222,-252,-547,-253,-714,-592,-1600,-974,-875,-875,-2202,-1143,-29994,-29981,-29993,-29994]} 1. e4 c6 2. d4 d5 3. exd5 cxd5 4. Bd3 Nc6 5. c3 Qc7 6. Ne2 Bg4 7. O-O {B13: Caro-Kann: Exchange Variation and Panov-Botvinnik Attack} e6 8. Qe1 Nf6 (8... Bxe2 9. Qxe2 Nf6 10. Nd2 Bd6 11. g3 O-O 12. f4 a6 13. Nf3 b5 14. a3 Ne7 {½-½ (52) Le,Q (2715)-Nisipeanu,L (2661) Batumi 2018}) 9. f3 {The position is equal.} Bh5 $1 10. Qh4 {Threatens to win with Nf4.} Bg6 11. Bxg6 fxg6 12. Nf4 {Strongly threatening Qh3.} Kf7 $1 13. g4 h6 14. Nd3 (14. g5 $1 $11 Nd7 15. Nd3) 14... Bd6 $1 $15 15. f4 {[#]} g5 $1 {[%mdl 512]} 16. Qe1 (16. fxg5 hxg5) 16... Rae8 $146 ({Predecessor:} 16... gxf4) 17. Ne5+ Kg8 18. h3 {[#]} (18. Qe2 $15) 18... gxf4 ({Black should try} 18... h5 $1 $19 {[%cal Rh5g4] Hoping for ...hxg4.} 19. fxg5 Ne4) 19. Bxf4 $17 Ne4 ({Black should play} 19... g5 $17 20. Bg3 Ne4) 20. Ng6 (20. Nd2 $1 $11 {keeps the balance.}) 20... e5 $36 {[%mdl 2048] Black is more active.} 21. dxe5 (21. Bh2 $15) 21... Nxe5 (21... Bxe5 $6 22. Nd2 $11) 22. Nxe5 (22. Bxe5 $17 {is the only way for White.} Bxe5 23. Kg2) 22... Bxe5 $19 23. Qe3 {[#]} h5 $1 {[%cal Rh5g4] ...hxg4 is the strong threat.} 24. Qd3 $2 (24. Nd2 hxg4 25. Nxe4 Rxh3 26. Bxe5 (26. Ng3 $2 Bxf4 27. Qxe8+ Kh7 $19) 26... Qxe5 {[%mdl 64] Pin} 27. Nf6+ gxf6 28. Qxe5 fxe5 29. Rad1) 24... Qd6 (24... Bxf4 $142 25. Qxd5+ {[%mdl 64] Double Attack} Kh7 26. Qxh5+ Bh6 27. Qf5+ g6 28. Qf7+ Qxf7 29. Rxf7+ Kg8) 25. Qb5 $2 (25. Bxe5 Rxe5 26. Nd2 Qb6+ 27. Kg2 Qxb2 28. Rae1) 25... Rf8 26. Bxe5 Rxf1+ 27. Qxf1 Qxe5 28. Qg2 hxg4 29. hxg4 Ng3 30. Qf2 Ne2+ {Accuracy: White = 19%, Black = 59%.} 0-1

[Event "21st Dubai Open 2019"]
[Site "Dubai"]
[Date "2019.04.03"]
[Round "3.35"]
[White "Salem Eid, Ahmed"]
[Black "Saurabh Anand"]
[Result "0-1"]
[WhiteElo "2133"]
[BlackElo "2385"]
[Annotator "TA"]
[PlyCount "38"]
[EventDate "2019.04.01"]
[EventType "swiss"]
[EventCountry "UAE"]
[SourceTitle "playchess.com"]
[Source "ChessBase"]
[SourceQuality "1"]

{[%evp 23,38,12,8,-22,9,-78,-68,-169,-47,-345,-331,-1336,-1318,-1429,-1447,-1307,-1247]} 1. e4 {Szabo,Kr} e5 2. Nf3 Nc6 3. d4 exd4 4. Nxd4 Nf6 {[%cal Bg8f6,Bf6d5,Bd5b6][%mdl 32]} 5. Nxc6 bxc6 6. e5 Qe7 7. Qe2 Nd5 8. c4 Nb6 9. Nd2 Qe6 10. b3 Bb4 11. Bb2 O-O {C45: Scotch Game} 12. O-O-O Qe7 {LiveBook: 8 Games} 13. h4 $146 ({Predecessor:} 13. Ne4 Re8 14. Qc2 d5 15. cxd5 cxd5 16. Nc3 Bxc3 17. Bxc3 c5 18. Bd3 g6 19. f4 {1-0 (71) Yu,Y (2724)-Bruzon Batista,L (2691) Tsaghkadzor 2015 CBM 166 [Szabo,Kr]}) 13... a5 {The position is equal.} 14. g4 (14. Qh5 $11) 14... Ba3 15. Qe4 (15. Nb1 $15 Bxb2+ 16. Qxb2) 15... Qb4 ({Black should play} 15... Bxb2+ $19 16. Kxb2 f5 17. gxf5 d5) 16. Kb1 $2 {[%mdl 8192] [#]} ({White should try} 16. Qd4 $15) 16... Bxb2 $19 17. Kxb2 $2 (17. c5 Bxe5 18. Qxe5) 17... Na4+ {Black is clearly winning.} 18. Kc1 Qa3+ 19. Kc2 Qxa2+ {Precision: White =  2%, Black = 39%.} 0-1

[Event "21st Dubai Open 2019"]
[Site "Dubai"]
[Date "2019.04.03"]
[Round "3.36"]
[White "Dhulipalla Bala Chandra Prasa"]
[Black "Concio, Michael Jr."]
[Result "1-0"]
[WhiteElo "2384"]
[BlackElo "2071"]
[Annotator "TA"]
[PlyCount "77"]
[EventDate "2019.04.01"]
[EventType "swiss"]
[EventCountry "UAE"]
[SourceTitle "playchess.com"]
[Source "ChessBase"]
[SourceQuality "1"]

{[%evp 13,77,-8,0,-24,0,-6,-2,-9,-1,-1,10,6,18,23,22,16,22,0,0,0,0,0,0,-15,0,0,-6,-20,-22,-27,-17,-30,-5,-6,-5,-18,0,0,0,0,15,16,22,27,97,91,87,85,219,206,211,193,277,254,370,397,367,341,638,457,2413,1106,29984,29985,29996,29997]} 1. d4 Nf6 2. Nf3 e6 3. Bf4 d5 4. e3 Bd6 5. Bg3 O-O 6. Nbd2 b6 7. c3 {D02: 1 d4 d5 2 Nf3 sidelines, including 2...Nf6 3 g3 and 2...Nf6 3 Bf4} Bb7 {LiveBook: 26 Games} (7... c5 8. Bd3 Ba6 9. Bxa6 Nxa6 10. O-O Bxg3 11. hxg3 Qc7 12. Qe2 Nb8 13. e4 dxe4 14. Nxe4 Nbd7 {1-0 (55) Duda,J (2738)-Giri,A (2783) St Petersburg 2018}) 8. Qb1 Ne4 $146 ({Predecessor:} 8... Nbd7 9. Bd3 h6 10. Bxd6 cxd6 11. O-O Qe7 12. a4 a5 13. Re1 Rfc8 14. Qc2 Qd8 {½-½ (81) Dresen,U (2265)-Schroeder,W (2255) Germany 1997}) 9. Nxe4 {The position is equal.} dxe4 10. Nd2 f5 11. a4 {[%cal Ba2a4,Ba4a5,Ba5a6][%mdl 32]} Nd7 {[%cal Bb8d7,Bd7f6,Bf6g4][%mdl 32]} 12. a5 g5 13. Bxd6 cxd6 14. Bb5 Nf6 15. a6 Bc8 $1 16. f3 {[%cal Rf3e4]} Bd7 17. Bxd7 Qxd7 18. fxe4 Ng4 19. O-O Nxe3 20. Re1 (20. Rf2 {looks sharper.} f4 21. Qd3 Qe8 22. h3 Qg6 23. Nf1) 20... f4 21. Nf1 Nxf1 22. Rxf1 Qb5 23. h3 Rae8 24. Rf2 e5 25. Qa2+ Rf7 26. Rd1 Kg7 27. dxe5 Rxe5 28. Rxd6 Qc5 (28... h6 $11 {keeps the balance.}) 29. Rd5 $16 Rxd5 30. Qxd5 {[%mdl 4096] Endgame KQR-KQR} Qe7 (30... Kg6 $16) 31. Qd4+ Kg6 32. Rd2 Rf6 (32... h5 $142 33. Qd3 g4) 33. e5 $18 Re6 (33... Kh6 {was worth a try.} 34. Qe4 (34. exf6 Qe1+ 35. Kh2 Qg3+ 36. Kh1 Qe1+ 37. Qg1 Qxd2 $11) 34... b5) 34. Qe4+ Kh6 35. Rd5 Rc6 $2 (35... Qf7 36. Qd4 Qf5) 36. Qd3 {[#] Rd6+ is the strong threat.} Kh5 (36... Rg6 $142 37. Qd4 Qe6) 37. b4 (37. Rd7 $142 Qc5+ 38. Kh2) 37... g4 38. hxg4+ Kxg4 {[#]} 39. e6 $1 {[%mdl 512] Precision: White = 77%, Black = 27%.} 1-0